| 000 | 01014nam a22003137a 4500 | ||
|---|---|---|---|
| 003 | CHAP | ||
| 005 | 20220817042153.0 | ||
| 008 | 971013s1963 r 00010 d | ||
| 010 | _a36644 | ||
| 011 | _a37616 | ||
| 035 | _a41736 | ||
| 040 | _cCHAP | ||
| 090 | _aFolleto 3021 | ||
| 110 |
_aMéxico. Dirección General de Conservación del Suelo y Agua _976965 |
||
| 245 | _aEjido de Cahuacán | ||
| 260 |
_aMéxico, D.F. : _bLa Dirección, _c1963 |
||
| 300 |
_a24 p. _b: ilus. ; mapa |
||
| 490 | _aBoletín de divulgación | ||
| 590 |
_aBATCH-UPD _b10 _c20130110 _lUCH01 _h1353 |
||
| 590 |
_aBATCH-UPD _b10 _c20130410 _lUCH01 _h0848 |
||
| 590 |
_aBATCH-UPD _b10 _c20130914 _lUCH01 _h0652 |
||
| 590 |
_aCONVERSION _b10 _c20130109 _lUCH01 _h1320 |
||
| 650 | 1 | 4 |
_aSuelos _xConservación _xMéxico (Edo.) _9110307 |
| 830 | 0 | _aBoletín de divulgación | |
| 901 | _aBK | ||
| 942 | _cFOLL | ||
| 949 |
_aFolleto 3021 _bBC _cFOLL _d-95941 _eTS1 _i41736 _mD _si |
||
| 949 |
_aFolleto 3021 _bBC _cFOLL _d-95942 _eTS2 _fc.2 _i41736 _mD _si |
||
| 999 |
_c36644 _d36644 |
||